| 000 | 00432nam a2200181Ia 4500 | ||
|---|---|---|---|
| 008 | 151018s9999 xx 000 0 und d | ||
| 082 |
_bRBASDV36435 _a920 |
||
| 100 | _aS. Soze | ||
| 245 | _aShiv kumar Batalvi | ||
| 250 | _b1 | ||
| 260 |
_bSahitya Acadami New Delhi _c2001 |
||
| 300 | _a101 | ||
| 600 | _aS. Soze | ||
| 630 | _aShiv kumar Batalvi | ||
| 700 | _aS. Soze | ||
| 730 | _aShiv kumar Batalvi | ||
| 942 | _cBOOK | ||
| 999 |
_c1035882 _d1035879 |
||